| 000 | 00798nam a22002535a 4500 | ||
|---|---|---|---|
| 005 | 20160105115226.0 | ||
| 008 | 150812s2013 ii a frb 001 0 eng d | ||
| 020 | _a9382226494 | ||
| 020 | _a9789382226499 | ||
| 040 |
_aEG-ScBUE _beng _cEG-ScBUE |
||
| 082 | 0 | 4 |
_222 _a004.678 _bACK |
| 100 | 1 |
_aAckroyd, Adichie. _938971 |
|
| 245 | 1 | 0 |
_aTextbook of internet and information technology / _cAdichie Ackroyd. |
| 260 |
_aNew Delhi : _bRandom Exports, _c2013. |
||
| 300 |
_aviii, 304 p. : _bill. ; _c24 cm. |
||
| 500 | _aIndex : p. 303-304. | ||
| 504 | _aBibliography : p. 299-302. | ||
| 650 |
_2BUEsh _aInternet. |
||
| 650 | 7 |
_aInformation technology. _2BUEsh _95620 |
|
| 650 |
_aWorld Wide Web. _2BUEsh |
||
| 651 | _2BUEsh | ||
| 653 |
_bCOMSCI _cAugust2015 _cJanuary2016 |
||
| 942 |
_2ddc _k004.678 ACK |
||
| 999 |
_c20505 _d20477 |
||